000
00298nam a22001337a 4500
999
_c
534182
_d
534182
020
_a
99914638
040
_c
MSOHAIL
082
_a
891.51
100
_a
Akbar Allahabadi
_9
28333
245
_a
Kulyat-e- Akbar Alabadi
260
_a
Lahore
_b
Sang-e-Meel
_c
c2008
300
_a
654;P
942
_2
ddc
_c
BK